Countries Bordering 'S' Countries - Statistics

General Stats
  • This quiz has been taken 1,388 times
    1,382 since last reset
  • The average score is 46 of 60
Answer Stats
Country % Correct
France
97%
Italy
94%
Austria
92%
Portugal
90%
Croatia
89%
Finland
88%
Germany
88%
Norway
88%
Ethiopia
87%
Hungary
87%
Egypt
86%
Andorra
84%
Brazil
84%
Yemen
84%
Guyana
83%
Lesotho
83%
Oman
83%
Bosnia and Herzegovina
82%
Iraq
82%
Jordan
82%
North Korea
81%
Chad
80%
Gambia
80%
Kenya
80%
Kosovo
80%
Eritrea
79%
Guinea
79%
Israel
79%
Namibia
79%
Romania
79%
United Arab Emirates
79%
Liechtenstein
78%
Botswana
77%
Qatar
77%
Djibouti
76%
Mozambique
76%
Zimbabwe
76%
Lebanon
74%
Mali
74%
Poland
74%
United Kingdom
74%
Guinea-Bissau
73%
Montenegro
73%
Sudan
73%
Turkey
73%
Mauritania
72%
South Sudan
72%
Bulgaria
71%
Kuwait
71%
Liberia
71%
Czech Republic
69%
D.R. Congo
69%
Central African Republic
67%
Libya
67%
Ukraine
66%
Morocco
62%
Uganda
62%
Macedonia
60%
Swaziland
53%
South Africa
37%
No matching quizzes found
Score Distribution
Percent of People with Each Score
Percentile by Number Answered
Your Score History
You have not taken this quiz since the last reset